000 00560nam a2200181 i 4500
001 89584
003 ES-MaACL
005 20230906180226.0
007 t|
008 050111s1903 fr ||||1| fre d
100 1 _aLassalle, Ferdinand.
_9128724
245 1 0 _aDiscours et pamphlets /
_cde Ferdinand Lasalle ; traduit de l'allemand par Víctor Dave et Leon Remy.
260 _a[S.l. :
_bs.n.,
_c1903] (
_eLaval :
_fL. Barnéoud)
300 _a364 p. ;
_c19 cm.
700 1 _aDave, Victor.
_942857
700 1 _aRemy, Leon.
_996162
852 _aES-MaACL
_jD-2107
999 _c89584
_d89584